| 000 | 00861nam a2200193 a 4500 | ||
|---|---|---|---|
| 005 | 20210219160207.0 | ||
| 008 | 080924s1986 mx r 000 0 spa d | ||
| 035 | _aUPN01000160627 | ||
| 049 | _aUNE | ||
| 080 | _a37.014. 22 (728) "1986" ZUÑ. | ||
| 100 | 1 | _aZuñiga, Leonel | |
| 245 | 1 | 3 |
_aUn Análisis de la situación de la educación básica y la alfabetización en Centroamerica y Panamá, en función de la definición de áreas potenciales de cooperación internacional en materia de desarrollo educativo / _cLeonel Zuñiga. |
| 260 |
_aPátzcuaro, Mich., México : _bCREFAL, _c1986. |
||
| 300 |
_a24 p.; _bfot. |
||
| 690 | _aEducacion basica de adultos- America Central | ||
| 690 | _aAlfabetizacion- America Central | ||
| 710 | 2 | _aCREFAL. Centro Regional de Educación de Adultos y Alfabetización Funcional para América Latina. | |
| 905 | _aUNESCO | ||
| 999 |
_c132740 _d132740 |
||